Undermining the Japanese miracle : Work and conflict in a coalmining community
This book is about the underside of Japan's economic miracle. It is an account of people who have been forgotten in Japan's push to industrialise in the post-war era: the coal-miners of Chikuho on Japan's southernmost island. The dirty and neglected character of Chikuho is in stark co...
Spremljeno u:
| Glavni autor: | |
|---|---|
| Format: | Knjiga |
| Jezik: | Undetermined |
| Izdano: |
Cambridge
Cambridge University Press
1994
|
| Teme: | |
| Oznake: |
Dodaj oznaku
Bez oznaka, Budi prvi tko označuje ovaj zapis!
|
| Thư viện lưu trữ: | Trung tâm Học liệu Trường Đại học Cần Thơ |
|---|
| LEADER | 00975nam a2200205Ia 4500 | ||
|---|---|---|---|
| 001 | CTU_97673 | ||
| 008 | 210402s9999 xx 000 0 und d | ||
| 082 | |a 338.2 | ||
| 082 | |b A425 | ||
| 100 | |a Allen, Matthew | ||
| 245 | 0 | |a Undermining the Japanese miracle : | |
| 245 | 0 | |b Work and conflict in a coalmining community | |
| 245 | 0 | |c Matthew Allen | |
| 260 | |a Cambridge | ||
| 260 | |b Cambridge University Press | ||
| 260 | |c 1994 | ||
| 520 | |a This book is about the underside of Japan's economic miracle. It is an account of people who have been forgotten in Japan's push to industrialise in the post-war era: the coal-miners of Chikuho on Japan's southernmost island. The dirty and neglected character of Chikuho is in stark contrast with Japan's prevailing image as an international leader in technology and an affluent, socially cohesive country. | ||
| 650 | |a Coal mines and mining | ||
| 904 | |i Hiếu | ||
| 980 | |a Trung tâm Học liệu Trường Đại học Cần Thơ | ||